|
|
|
|
| LEADER |
01295nam a2200361 a 4500 |
| 001 |
001367794 |
| 003 |
CZ BrMZK |
| 005 |
20140418101012.0 |
| 006 |
m||||||||d|||||||| |
| 007 |
co^cg |
| 008 |
140218s2012 xr e 00| 0 cze |
| 015 |
|
|
|a cnb002565298
|
| 020 |
|
|
|a 978-80-7435-208-9
|q (CDR)
|
| 040 |
|
|
|a BOA001
|b cze
|
| 072 |
|
7 |
|a 004.9
|x Speciální počítačové metody. Počítačová grafika
|2 Konspekt
|9 23
|
| 072 |
|
7 |
|a 37.016
|x Učební osnovy. Vyučovací předměty. Učebnice
|2 Konspekt
|9 22
|
| 080 |
|
|
|a 004.92
|2 MRF
|
| 080 |
|
|
|a (07)
|2 MRF
|
| 080 |
|
|
|a (0.034.44)
|2 MRF
|
| 100 |
1 |
|
|a Slabý, Antonín
|7 mzk2008443041
|4 aut
|
| 245 |
1 |
0 |
|a Počítačová grafika
|h [elektronický zdroj] /
|c Antonín Slabý
|
| 250 |
|
|
|a Vyd. 1.
|
| 260 |
|
|
|a Hradec Králové :
|b Gaudeamus,
|c 2012
|
| 300 |
|
|
|a 1 CD-ROM
|
| 500 |
|
|
|a Název z titulní obrazovky; označení vyd. z tiráže
|
| 538 |
|
|
|a Požadavky na systém: Adobe Acrobat Reader
|
| 650 |
0 |
7 |
|a počítačová grafika
|7 ph124503
|2 czenas
|
| 655 |
|
7 |
|a učební texty
|7 fd133599
|2 czenas
|
| 655 |
|
7 |
|a CD-ROM
|7 fd133955
|2 czenas
|
| 856 |
4 |
1 |
|u http://www.digitalniknihovna.cz/mzk/uuid/uuid:6d9570e0-b115-442c-9d25-e3dcc6297cc1
|y Digitalizovaný dokument
|
| 910 |
|
|
|a BOA001
|b CDR-1321.400
|
| 990 |
|
|
|a BK
|
| 991 |
|
|
|b 201404
|c NOV
|e n
|